[Event "Washington Class Ch - E Section"]
[Site "Redmond, WA"]
[Date "2009.11.28"]
[Round "2"]
[White "Setiadikurnia, Sloan"]
[Black "Haining, Breck"]
[Result "0-1"]
[WhiteElo "692"]
[BlackElo "994"]
[PlyCount "86"]
[EventDate "2009.11.29"]
[Source "NWChess.com"]
[SourceDate "2009.12.26"]

1. e4 e5 2. Nf3 Nc6 3. Bc4 Na5 4. Be2 d6 5. O-O Be7 6. d4 Bg4 7. d5 h6 8. c4
Nf6 9. Nc3 Nd7 10. b4 Bxf3 11. Bxf3 Nxc4 12. Be2 Ncb6 13. a4 Nf6 14. Qc2 O-O
15. f4 c6 16. fxe5 dxe5 17. a5 Nbd7 18. Ba3 c5 19. bxc5 Nxc5 20. Bb4 Rc8 21.
Bf3 b6 22. Rfd1 Nb7 23. Bxe7 Qxe7 24. Kh1 Nd6 25. Qb2 bxa5 26. Nb5 Nxb5 27.
Qxb5 Qb4 28. Qxb4 axb4 29. Rxa7 Rb8 30. Rb1 Rfc8 31. d6 Rc4 32. Rc7 Rd4 33. Rd1
b3 34. d7 Rxd1+ 35. Bxd1 Nxd7 36. Rc1 b2 37. Rb1 Nc5 38. Bc2 Ne6 39. g3 Nd4 40.
Bd3 Nf3 41. Kg2 Nd2 42. Kh3 Nxb1 43. Bxb1 Rd8 0-1

[Event "Washington Class Ch - E Section"]
[Site "Redmond, WA"]
[Date "2009.11.28"]
[Round "3"]
[White "Shao, Nathan"]
[Black "Schuhmacher, Don"]
[Result "1-0"]
[WhiteElo "642"]
[BlackElo "925"]
[PlyCount "25"]
[EventDate "2009.11.29"]
[Source "NWChess.com"]
[SourceDate "2009.12.26"]

1. e4 e6 2. d4 d5 3. exd5 exd5 4. Bd3 Nf6 5. Be3 Be7 6. Nf3 Nbd7 7. O-O c5 8.
c3 b6 9. Nbd2 Bb7 10. Re1 Qc7 11. Qe2 Ng4 12. Bg5 Ngf6 13. Qxe7# 1-0

[Event "Washington Class Ch - E Section"]
[Site "Redmond, WA"]
[Date "2009.11.27"]
[Round "1"]
[White "Shao, Nathan"]
[Black "Thatcher, Sean"]
[Result "0-1"]
[WhiteElo "642"]
[BlackElo "1069"]
[PlyCount "110"]
[EventDate "2009.11.29"]
[Source "NWChess.com"]
[SourceDate "2009.12.26"]

1. e4 c5 2. Nf3 Nc6 3. Nc3 e6 4. d3 a6 5. a3 d6 6. Be2 g6 7. Bd2 Bg7 8. O-O Nd4
9. Re1 Nxe2+ 10. Qxe2 h6 11. e5 d5 12. Rad1 Ne7 13. b4 b6 14. h3 Nc6 15. b5 Nd4
16. Nxd4 cxd4 17. Na2 axb5 18. Bb4 h5 19. Ra1 g5 20. c3 g4 21. hxg4 Qg5 22.
gxh5 Rxh5 23. f3 Bxe5 24. Qc2 Qf4 25. Kf2 Rh2 26. Rg1 Qe3+ 27. Kf1 Bg3 28. cxd4
Bd7 29. Re1 Bxe1 30. Bxe1 Rxa3 31. Bf2 Qxd3+ 32. Qxd3 Rxd3 33. Nb4 Rb3 34. Nc2
b4 35. Be1 Bb5+ 36. Kf2 Rb2 37. Kg3 Rh7 38. Nxb4 Rg7+ 39. Kh3 Bd7 40. Nd3 Rb1
41. Kh2 Rd1 42. Nf2 Rxd4 43. Bc3 Rh4+ 44. Nh3 Rg6 45. g3 Rc4 46. Be5 f6 47. Bf4
e5 48. Be3 d4 49. Bf2 Rc2 50. Rg2 Rh6 51. g4 b5 52. Kg3 b4 53. Be1 Rxg2+ 54.
Kxg2 b3 55. Nf2 b2 0-1

[Event "Washington Class Ch - E Section"]
[Site "Redmond, WA"]
[Date "2009.11.28"]
[Round "3"]
[White "Soetedjo, James"]
[Black "Setiadikurnia, Sloan"]
[Result "1/2-1/2"]
[WhiteElo "756"]
[BlackElo "692"]
[PlyCount "85"]
[EventDate "2009.11.29"]
[Source "NWChess.com"]
[SourceDate "2009.12.26"]

1. d4 Nf6 2. c4 c5 3. dxc5 e6 4. Nf3 Bxc5 5. e3 Nc6 6. Nc3 O-O 7. Be2 d5 8. O-O
d4 9. exd4 Nxd4 10. Nxd4 Bxd4 11. Bg5 h6 12. Bh4 e5 13. Ne4 g5 14. Nxf6+ Qxf6
15. Bg3 Bxb2 16. Rb1 Bd4 17. Bf3 Qa6 18. Qe2 Re8 19. Rfd1 Qg6 20. Bxb7 Rb8 21.
Qf3 Rxb7 22. Rxb7 Bxb7 23. Qxb7 Qc2 24. Qb3 Qg6 25. Qd3 Qxd3 26. Rxd3 Rc8 27.
h3 Rxc4 28. Rd2 h5 29. Re2 f6 30. h4 g4 31. Kh2 Kf7 32. f3 gxf3 33. gxf3 Rb4
34. Kh3 Rb2 35. Rxb2 Bxb2 36. f4 Kg6 37. fxe5 Bxe5 38. Bf2 a6 39. a4 f5 40. Kg2
f4 41. Kf3 Kf5 42. Be1 Bf6 43. Bf2 1/2-1/2

[Event "Washington Class Ch - E Section"]
[Site "Redmond, WA"]
[Date "2009.11.29"]
[Round "6"]
[White "Tang, Richard"]
[Black "Teoh, Nicholas"]
[Result "1-0"]
[WhiteElo "859"]
[BlackElo "1091"]
[PlyCount "79"]
[EventDate "2009.11.29"]
[Source "NWChess.com"]
[SourceDate "2009.12.26"]

1. e4 c5 2. Nf3 d6 3. d4 cxd4 4. Nxd4 Nf6 5. Nc3 g6 6. Be3 Bg7 7. f3 O-O 8. Bc4
Nc6 9. Bb3 Bd7 10. Qd2 Rc8 11. O-O-O Ne5 12. Bh6 Nc4 13. Bxc4 Rxc4 14. Bxg7
Kxg7 15. h4 h5 16. Qd3 Rc8 17. Nb3 Qb6 18. Qd4 Qxd4 19. Nxd4 a6 20. Nb3 Rc7 21.
Rhe1 Re8 22. Nd5 Nxd5 23. exd5 Bf5 24. Nd4 Bd7 25. Rd2 Kf6 26. Nb3 Rec8 27. g3
Ba4 28. Ree2 Bxb3 29. axb3 Kg7 30. g4 Rh8 31. g5 Re8 32. Rd3 Kf8 33. Rde3 Rc5
34. Rd3 b5 35. b4 Rc4 36. Re4 Rxe4 37. fxe4 Rc8 38. Rd4 Ke8 39. b3 Kd7 40. Kd2
{remaining moves not recorded} 1-0

[Event "Washington Class Ch - E Section"]
[Site "Redmond, WA"]
[Date "2009.11.28"]
[Round "4"]
[White "Thatcher, Andrew"]
[Black "Dennison, John"]
[Result "1/2-1/2"]
[WhiteElo "824"]
[BlackElo "1193"]
[PlyCount "55"]
[EventDate "2009.11.29"]
[Source "NWChess.com"]
[SourceDate "2009.12.26"]

1. c4 e5 2. e3 c6 3. a3 d5 4. d4 e4 5. Nc3 Nf6 6. cxd5 cxd5 7. Be2 Nc6 8. f3
Bf5 9. fxe4 Nxe4 10. Nxe4 Bxe4 11. Nf3 Bd6 12. O-O O-O 13. Bd3 f5 14. Qb3 Bxd3
15. Qxd3 Qc7 16. Bd2 Rac8 17. Qb3 Ne7 18. Rac1 Qd7 19. Bb4 b6 20. Bxd6 Qxd6 21.
Ne5 Rfe8 22. Rc3 Nc6 23. Qc2 Ne7 24. Rc1 Rxc3 25. Qxc3 Ng6 26. Nxg6 Qxg6 27.
Qc7 Qf7 28. Qxf7+ 1/2-1/2

[Event "Washington Class Ch - E Section"]
[Site "Redmond, WA"]
[Date "2009.11.28"]
[Round "6"]
[White "Thatcher, Sean"]
[Black "Soetedjo, James"]
[Result "0-1"]
[WhiteElo "1069"]
[BlackElo "756"]
[PlyCount "56"]
[EventDate "2009.11.29"]
[Source "NWChess.com"]
[SourceDate "2009.12.26"]

1. c4 Nf6 2. e3 e6 3. Nf3 d5 4. Nc3 c5 5. cxd5 exd5 6. d4 Nc6 7. h3 b6 8. Bb5
Bb7 9. O-O Be7 10. Ne5 Qc7 11. f4 O-O 12. dxc5 Bxc5 13. Nxd5 Nxd5 14. Qxd5 Nxe5
15. Qxe5 Qxe5 16. fxe5 g6 17. Kh2 Rfd8 18. b3 a6 19. Be2 Re8 20. Bc4 Re7 21. a4
Rf8 22. Bd2 Rxe5 23. Rae1 a5 24. h4 Bd6 25. g3 Rh5 26. Rf6 Rxh4+ 27. Kg1 Bxg3
28. Ref1 Rh1# 0-1

[Event "Washington Class Ch - E Section"]
[Site "Redmond, WA"]
[Date "2009.11.28"]
[Round "3"]
[White "Vegaraju, Adithya"]
[Black "Humphrey, David"]
[Result "1/2-1/2"]
[WhiteElo "1008"]
[BlackElo "1181"]
[PlyCount "107"]
[EventDate "2009.11.29"]
[Source "NWChess.com"]
[SourceDate "2009.12.26"]

1. d4 d5 2. e3 Nf6 3. f4 e6 4. Bd3 c5 5. c3 Nbd7 6. Nd2 Bd6 7. Qf3 cxd4 8. exd4
Qc7 9. Ne2 a6 10. Qe3 b5 11. Nf3 Rb8 12. Ne5 Nb6 13. O-O O-O 14. Ng3 Nc4 15.
Qf3 b4 16. Nh5 Nxh5 17. Qxh5 f5 18. g4 Rb7 19. Rf3 g6 20. Qh4 Qe7 21. g5 a5 22.
Rh3 Qg7 23. Bxc4 dxc4 24. Nxc4 Bc7 25. Bd2 Rb5 26. cxb4 axb4 27. a4 bxa3 28.
Raxa3 Qxd4+ 29. Ne3 Rf7 30. Bc3 Qxf4 31. Qh6 Bb6 32. Qxg6+ Kf8 33. Qh6+ Ke8 34.
Bf6 Rxb2 35. Bxb2 Bxe3+ 36. Raxe3 Qg4+ 37. Rhg3 Qd1+ 38. Kf2 Qc2+ 39. Re2 Qc5+
40. Rge3 f4 41. Ke1 fxe3 42. g6 hxg6 43. Qh8+ Ke7 44. Qh4+ g5 45. Qa4 Qd5 46.
Qa3+ Ke8 47. Qxe3 Qh1+ 48. Kd2 Rd7+ 49. Kc3 Qc6+ 50. Kb3 Rb7+ 51. Ka2 Qa4+ 52.
Kb1 Qd1+ 53. Ka2 Qa4+ 54. Kb1 1/2-1/2